Modeling and optimization of parallel and distributed embedded systems
This book introduces the state-of-the-art in research in parallel and distributed embedded systems, which have been enabled by developments in silicon technology, micro-electro-mechanical systems (MEMS), wireless communications, computer networking, and digital electronics. These systems have divers...
Đã lưu trong:
| 主要作者: | |
|---|---|
| 格式: | 圖書 |
| 語言: | Undetermined |
| 出版: |
New York
John Wiley & Sons Inc
2016
|
| 主題: | |
| 標簽: |
添加標簽
沒有標簽, 成為第一個標記此記錄!
|
| Thư viện lưu trữ: | Trung tâm Học liệu Trường Đại học Cần Thơ |
|---|
| LEADER | 01194nam a2200217Ia 4500 | ||
|---|---|---|---|
| 001 | CTU_207360 | ||
| 008 | 210402s9999 xx 000 0 und d | ||
| 020 | |c 2669000 | ||
| 082 | |a 004.35 | ||
| 082 | |b M963 | ||
| 100 | |a Munir, Arslan | ||
| 245 | 0 | |a Modeling and optimization of parallel and distributed embedded systems | |
| 245 | 0 | |c Arslan Munir, Ann Gordon-Ross, Sanjay Ranka. | |
| 260 | |a New York | ||
| 260 | |b John Wiley & Sons Inc | ||
| 260 | |c 2016 | ||
| 520 | |a This book introduces the state-of-the-art in research in parallel and distributed embedded systems, which have been enabled by developments in silicon technology, micro-electro-mechanical systems (MEMS), wireless communications, computer networking, and digital electronics. These systems have diverse applications in domains including military and defense, medical, automotive, and unmanned autonomous vehicles. | ||
| 650 | |a Xử lý dữ liệu điện tử,Parallel processing (Electronic computers),Electronic data processing,Xử lý song song (máy tính điện tử) | ||
| 650 | |x Distributed processing | ||
| 904 | |i Tuyến | ||
| 980 | |a Trung tâm Học liệu Trường Đại học Cần Thơ | ||